[Event "Latschach op 30th"]
[Site "Latschach"]
[Date "2014.08.13"]
[Round "6"]
[White "Seyffarth, Renate"]
[Black "Rabinovich, Anton Solomonovich"]
[Result "0-1"]
[WhiteElo "1933"]
[BlackElo "2111"]
[PlyCount "46"]
[EventDate "2014.08.09"]
[EventType "swiss"]
[EventRounds "9"]
[EventCountry "AUT"]
[SourceTitle "CBM 161 Extra"]
[Source "ChessBase"]
[SourceDate "2014.08.29"]
[SourceVersion "1"]
[SourceVersionDate "2014.08.29"]
[SourceQuality "1"]

1. d4 d5 2. e3 Nc6 3. f4 Bf5 4. c3 e6 5. Nf3 Bd6 6. Be2 Nge7 7. 0-0 f6 8. Nh4 Qd7 9. a3 0-0-0 10. b4 g5 11. Nxf5 Nxf5 12. a4 gxf4 13. exf4 Rdg8 14. Bd3 Nh4 15. Rf2 e5 16. dxe5 fxe5 17. fxe5 Nxe5 18. Bf1 Ng4 19. Rc2 Nxh2 20. Be3 Qh3 21. Kh1 Nxg2 22. Bxg2 Rxg2 23. Rxg2 Nf3+ 0-1

[Event "Latschach op 30th"]
[Site "Latschach"]
[Date "2014.08.11"]
[Round "4"]
[White "Rabinovich, Anton Solomonovich"]
[Black "Wegerer, Fred"]
[Result "0-1"]
[WhiteElo "2111"]
[BlackElo "2137"]
[PlyCount "68"]
[EventDate "2014.08.09"]
[EventType "swiss"]
[EventRounds "9"]
[EventCountry "AUT"]
[SourceTitle "CBM 161 Extra"]
[Source "ChessBase"]
[SourceDate "2014.08.29"]
[SourceVersion "1"]
[SourceVersionDate "2014.08.29"]
[SourceQuality "1"]

1. d4 g6 2. c4 Bg7 3. e4 a6 4. Nf3 d6 5. h3 Nd7 6. Nc3 e6 7. Be2 Ne7 8. 0-0 0-0 9. Be3 h6 10. Qc1 Kh7 11. Rd1 f5 12. e5 dxe5 13. dxe5 Qe8 14. Bf4 Nc6 15. Qe3 g5 16. Bh2 Kg8 17. h4 f4 18. Qd2 Ndxe5 19. hxg5 Nxf3+ 20. Bxf3 hxg5 21. Be4 Ne5 22. Qe2 Rb8 23. Rd2 Bd7 24. Rad1 c5 25. Rd6 b5 26. cxb5 axb5 27. Bb1 Bc6 28. Ne4 Bxe4 29. Qxe4 Qh5 30. f3 Rbe8 31. Qb7 g4 32. Rd7 Nxd7 33. Rxd7 Bd4+ 34. Rxd4 cxd4 0-1

[Event "Moscow op-E"]
[Site "Moscow"]
[Date "2011.02.02"]
[Round "5.151"]
[White "Rabinovich, Anton Solomonovich"]
[Black "Egorov, Roman"]
[Result "1-0"]
[WhiteElo "2127"]
[BlackElo "1947"]
[PlyCount "57"]
[EventDate "2011.01.29"]
[EventType "swiss"]
[EventRounds "9"]
[EventCountry "RUS"]
[SourceTitle "EXT 2022"]
[Source "ChessBase"]
[SourceDate "2021.10.06"]
[SourceVersion "1"]
[SourceVersionDate "2021.10.06"]
[SourceQuality "1"]

1. d4 f5 2. e4 fxe4 3. Nc3 Nf6 4. Bg5 g6 5. f3 exf3 6. Nxf3 Bg7 7. Bc4 e6 8. Qd2 0-0 9. 0-0-0 c6 10. h4 b5 11. Bd3 Qe8 12. Bxf6 Rxf6 13. Ne4 Rf8 14. h5 gxh5 15. Nd6 Qe7 16. Nxc8 Rxc8 17. Rxh5 h6 18. Ne5 d6 19. Ng4 Kf7 20. Rf1+ Ke8 21. Bg6+ Kd8 22. Rf7 Rc7 23. Rxe7 Rxe7 24. Nxh6 Bxh6 25. Rxh6 Kc7 26. Qa5+ Kb7 27. Rh8 Nd7 28. Rxa8 Kxa8 29. Qd8+ 1-0

[Event "Moscow op"]
[Site "Moscow"]
[Date "2011.01.04"]
[Round "2"]
[White "Myshakov, Fyodor"]
[Black "Rabinovich, Anton Solomonovich"]
[Result "1-0"]
[WhiteElo "2184"]
[BlackElo "2077"]
[PlyCount "133"]
[EventDate "2011.01.03"]
[EventType "swiss"]
[EventRounds "9"]
[EventCountry "RUS"]
[SourceTitle "CBM 140 Extra"]
[Source "ChessBase"]
[SourceDate "2011.03.01"]
[SourceVersion "1"]
[SourceVersionDate "2011.03.01"]
[SourceQuality "1"]

1. c4 c6 2. Nc3 d5 3. cxd5 cxd5 4. d4 Nc6 5. Nf3 Nf6 6. Bg5 Ne4 7. Bh4 Qa5 8. Qb3 g5 9. Bxg5 Nxg5 10. Nxg5 Nxd4 11. Qd1 Bg7 12. e3 Nc6 13. Qd2 d4 14. exd4 Nxd4 15. Bd3 Bf5 16. Bxf5 Qxf5 17. 0-0 0-0 18. Rad1 Rad8 19. Qe3 e5 20. Nh3 Kh8 21. f4 Nc2 22. Qf3 exf4 23. Rxd8 Rxd8 24. Qxb7 Qc5+ 25. Kh1 Ne3 26. Rxf4 Bxc3 27. bxc3 Rd1+ 28. Ng1 Nf5 29. Qb8+ Kg7 30. Rg4+ Kf6 31. Qh8+ Ke6 32. Re4+ Kd7 33. Qe8+ Kc7 34. Qxf7+ Kc6 35. Re6+ Nd6 36. Qf3+ Qd5 37. Re7 Qxf3 38. gxf3 Nb5 39. Rxh7 Nxc3 40. Rxa7 Ne2 41. Rg7 Rf1 42. h4 Nxg1 43. Rxg1 Rxf3 44. Rg2 Kd6 45. Rh2 Ke7 46. h5 Kf7 47. h6 Kg8 48. h7+ Kh8 49. Kg2 Ra3 50. Kf1 Re3 51. Kf2 Re4 52. Kf3 Re7 53. Rh4 Re6 54. a4 Re7 55. Rh5 Re8 56. a5 Re6 57. Kf4 Re7 58. a6 Ra7 59. Rh6 Re7 60. Kf5 Re1 61. Rb6 Ra1 62. Ke6 Kxh7 63. Rb7+ Kg6 64. a7 Ra6+ 65. Kd7 Kf7 66. Kc8+ Ke8 67. Kb8 1-0

[Event "Porto Carras op 4th"]
[Site "Porto Carras"]
[Date "2009.07.20"]
[Round "4"]
[White "Jevtic, Miroljub L"]
[Black "Rabinovich, Anton Solomonovich"]
[Result "1-0"]
[WhiteElo "2164"]
[BlackElo "1974"]
[PlyCount "39"]
[EventDate "2009.07.18"]
[EventType "swiss"]
[EventRounds "9"]
[EventCountry "GRE"]
[SourceTitle "CBM 131 Extra"]
[Source "ChessBase"]
[SourceDate "2009.09.03"]
[SourceVersion "2"]
[SourceVersionDate "2009.09.16"]
[SourceQuality "1"]

1. d4 e6 2. c4 b6 3. e4 Bb7 4. Nc3 Bb4 5. f3 f5 6. exf5 Nh6 7. fxe6 Nf5 8. g3 Qf6 9. a3 Nxd4 10. axb4 Nxf3+ 11. Nxf3 Bxf3 12. Nd5 Qe5+ 13. Be2 Bxh1 14. Bf4 Qe4 15. Nxc7+ Kd8 16. Nxa8 Qxe6 17. Rxa7 Nc6 18. Bg5+ Kc8 19. Nxb6+ Kb8 20. Rxd7 1-0

[Event "Kostroma Volga Cup op"]
[Site "Kostroma"]
[Date "2009.07.??"]
[Round "2"]
[White "Rabinovich, Anton Solomonovich"]
[Black "Galiev, Azat"]
[Result "0-1"]
[WhiteElo "1974"]
[BlackElo "2251"]
[PlyCount "106"]
[EventDate "2009.07.03"]
[EventType "swiss"]
[EventRounds "9"]
[EventCountry "RUS"]
[SourceTitle "EXT 2021"]
[Source "ChessBase"]
[SourceDate "2020.10.23"]
[SourceVersion "1"]
[SourceVersionDate "2020.10.23"]
[SourceQuality "1"]

1. d4 Nf6 2. c4 e6 3. Nc3 Bb4 4. Qc2 b6 5. Nf3 Bb7 6. a3 Bxc3+ 7. Qxc3 Ne4 8. Qc2 f5 9. g3 0-0 10. Bg2 d6 11. Nd2 Qf6 12. e3 Nd7 13. 0-0 Qg6 14. b4 h5 15. Nxe4 Bxe4 16. Bxe4 fxe4 17. f4 Nf6 18. Qg2 a6 19. Bd2 b5 20. c5 d5 21. a4 c6 22. Ra3 Rac8 23. Rfa1 Ng4 24. axb5 axb5 25. Ra7 Rf7 26. Ra8 Rfc7 27. Rxc8+ Rxc8 28. Ra3 Nh6 29. h3 Nf5 30. Be1 Qe8 31. Kh2 Ra8 32. Qa2 Ra4 33. Rxa4 bxa4 34. Qe2 Qa8 35. g4 hxg4 36. hxg4 Ne7 37. b5 cxb5 38. Qxb5 a3 39. Qa5 Qxa5 40. Bxa5 Nc6 41. Bc3 Kf7 42. Kg2 a2 43. Kf2 Na5 44. Ke2 Nb3 45. Bb2 a1Q 46. Bxa1 Nxa1 47. Kd2 Nb3+ 48. Kc3 Na5 49. Kb4 Nc4 50. Kb5 Nxe3 51. c6 Nc4 52. c7 Nd6+ 53. Kc6 Ke7 0-1